| 000 | 00670nam a22001937a 4500 | ||
|---|---|---|---|
| 005 | 20251108170602.0 | ||
| 008 | 250721s1998 xx 000 0 ara d | ||
| 082 | 1 | 4 | _a414.3/سلا |
| 100 | 1 | _aإبن سلام، أبو عبيد القاسم بن سلام | |
| 245 | 1 | 0 | _aالأجناس من كلام العرب و ما إشتبه في اللفظ و إختلف في المعنى / |
| 264 | 1 |
_aالقاهرة : _bدار الفضيلة، _c1998. |
|
| 300 | _a144ص | ||
| 650 | 1 | 7 | _aاللغة العربية |
| 650 | 1 | 7 | _aالجناس |
| 650 | 1 | 7 | _aعلم الدلالة |
| 700 | 1 |
_aدياب، عبد المجيد _eتحقيق |
|
| 942 |
_2ddc _cBK |
||
| 999 |
_c44121 _d44121 |
||